| 000 | 00519nam a2200193Ii 4500 | ||
|---|---|---|---|
| 003 | JO-AjNU | ||
| 008 | 230606s9999||||xx |||||||||||||| ||und|| | ||
| 040 |
_aJO-AjNU _beng _erda _cJO-AjNU |
||
| 041 | _aeng | ||
| 050 | 1 | 4 | _aQA157.2004 |
| 100 | 3 |
_aBaase,sara, _eauthor _93915 |
|
| 245 | 0 | 0 | _aAlgebra 1 |
| 264 | 3 | 1 | _aMCGRAW-HILL HIGHER EducaTION:London.2007 |
| 300 | _a500p | ||
| 336 |
_atext _btxt _2rdacontent |
||
| 337 |
_aunmediated _bn _2rdamedia |
||
| 338 |
_avolume _bnc _2rdacarrier |
||
| 650 | 4 |
_aalgebra1 _93916 |
|
| 999 |
_aE2041 _c2040 _d2040 |
||